[Event "Oberliga Sued W 1415"]
[Site "Germany"]
[Date "2015.03.15"]
[Round "8.7"]
[White "Biehler, Thomas"]
[Black "Carow, Annelen"]
[Result "1-0"]
[WhiteElo "2254"]
[BlackElo "2034"]
[PlyCount "83"]
[EventDate "2014.09.21"]
[EventType "team-tourn"]
[EventRounds "9"]
[EventCountry "GER"]
[SourceTitle "EXT 2019"]
[Source "ChessBase"]
[SourceDate "2018.10.10"]
[SourceVersion "1"]
[SourceVersionDate "2018.10.10"]
[SourceQuality "1"]
[WhiteTeam "Illingen Turm"]
[BlackTeam "Heidesheim"]
[WhiteTeamCountry "GER"]
[BlackTeamCountry "GER"]

1. c4 c5 2. g3 g6 3. Bg2 Bg7 4. Nc3 Nc6 5. Nf3 e6 6. d3 Nge7 7. Bg5 h6 8. Bd2 b6 9. a3 Bb7 10. 0-0 d6 11. Rb1 0-0 12. Qc1 Kh7 13. b4 Qd7 14. b5 Nd4 15. Nxd4 cxd4 16. Na2 Bxg2 17. Kxg2 Rfc8 18. Nb4 d5 19. Qc2 e5 20. Rfc1 dxc4 21. dxc4 f5 22. Na6 e4 23. c5 bxc5 24. Nxc5 Qd5 25. Kg1 Rd8 26. Ba5 Rdc8 27. Qc4 Qe5 28. Rc2 Nd5 29. Rbc1 h5 30. Qb3 Nb6 31. a4 h4 32. Bxb6 axb6 33. Ne6 Rxc2 34. Rxc2 d3 35. Ng5+ Kh6 36. Nf7+ Kh5 37. Nxe5 dxc2 38. g4+ fxg4 39. Qxc2 Bxe5 40. Qxe4 Re8 41. f4 gxf3 42. exf3 1-0

[Event "Oberliga Sued W 1415"]
[Site "Germany"]
[Date "2014.10.19"]
[Round "2.7"]
[White "Lang, Matthias"]
[Black "Biehler, Thomas"]
[Result "1/2-1/2"]
[WhiteElo "2150"]
[BlackElo "2254"]
[PlyCount "77"]
[EventDate "2014.09.21"]
[EventType "team-tourn"]
[EventRounds "9"]
[EventCountry "GER"]
[SourceTitle "EXT 2019"]
[Source "ChessBase"]
[SourceDate "2018.10.10"]
[SourceVersion "1"]
[SourceVersionDate "2018.10.10"]
[SourceQuality "1"]
[WhiteTeam "Landau"]
[BlackTeam "Illingen Turm"]
[WhiteTeamCountry "GER"]
[BlackTeamCountry "GER"]

1. d4 e6 2. Nf3 c5 3. c3 d5 4. Bg5 Qb6 5. Qb3 Nc6 6. e3 Bd7 7. Nbd2 Bd6 8. Be2 Nge7 9. Qxb6 axb6 10. a3 Ng6 11. e4 cxd4 12. cxd4 dxe4 13. Nxe4 Bc7 14. 0-0 h6 15. Be3 Nce7 16. Nc3 Bc6 17. Bb5 0-0 18. Rac1 Rfe8 19. Bxc6 bxc6 20. Rfd1 b5 21. Na2 Nf4 22. Kf1 Nfd5 23. Bd2 Bd6 24. g3 Ra4 25. Nc3 Nxc3 26. Rxc3 f6 27. Be3 b4 28. Rc4 Ra6 29. axb4 Rb8 30. Bd2 Rab6 31. Ra1 Bxb4 32. Ra7 Bxd2 33. Rxe7 Rxb2 34. Rxc6 Bb4 35. Rexe6 Ra8 36. Ra6 Rd8 37. Reb6 Re8 38. Re6 Rc8 39. Rec6 1/2-1/2

[Event "RLP-chT 9899"]
[Site "Germany"]
[Date "1999.04.18"]
[Round "9.2"]
[White "Muench, Ingo"]
[Black "Biehler, Thomas"]
[Result "1-0"]
[WhiteElo "2190"]
[BlackElo "2335"]
[PlyCount "145"]
[EventDate "1998.??.??"]
[EventType "team"]
[EventRounds "9"]
[EventCountry "GER"]
[SourceTitle "EXT 2002"]
[Source "ChessBase"]
[SourceDate "2001.11.25"]
[SourceVersion "1"]
[SourceVersionDate "2001.11.25"]
[SourceQuality "1"]

1. e4 Nf6 2. e5 Nd5 3. d4 d6 4. Nf3 Bg4 5. Be2 e6 6. 0-0 Nb6 7. Ng5 Bxe2 8. Qxe2 Nc6 9. Rd1 d5 10. c3 h6 11. Nh3 Qd7 12. b3 0-0-0 13. Ba3 g5 14. f4 Bxa3 15. Nxa3 Rdg8 16. fxg5 hxg5 17. Nf2 f5 18. exf6 Qd6 19. Nc2 Qxh2+ 20. Kf1 Qf4 21. Qf3 Qxf3 22. gxf3 Rf8 23. Ng4 Nd7 24. Kg2 Nxf6 25. Nxf6 Rxf6 26. Ne3 Rhf8 27. Rf1 Kd7 28. Rae1 Kd6 29. Ng4 Rf4 30. Re3 Nd8 31. Ne5 R8f6 32. Rh1 Nf7 33. Rh5 R4f5 34. Ng4 Rg6 35. Rh7 b6 36. Kg3 c5 37. Re1 a5 38. a4 Rg8 39. Nh6 Nxh6 40. Rxh6 Re8 41. Rg6 Re7 42. Re3 Kd7 43. Re1 cxd4 44. cxd4 Rf4 45. Rd1 Ref7 46. Rd3 R4f5 47. Kg4 Rf4+ 48. Kg3 R7f5 49. Kg2 Ke7 50. Kg3 Rh4 51. Rg7+ Kd6 52. Rg6 Rh7 53. Re3 Re7 54. Re1 Kd7 55. Re3 Rf4 56. Rd3 e5 57. dxe5 Rxe5 58. Rxb6 d4 59. Rg6 Re3 60. Rxe3 dxe3 61. Rxg5 Rd4 62. Rxa5 Kd6 63. f4 Rd3 64. Rb5 e2+ 65. Kf2 Re3 66. Ke1 Kc6 67. f5 Kd6 68. f6 Ke6 69. Rb6+ Kf7 70. a5 Kg6 71. a6 Re8 72. a7 Ra8 73. Ra6 1-0

[Event "RLP-chT 9899"]
[Site "Germany"]
[Date "1999.01.10"]
[Round "5.2"]
[White "Lehmann, Carsten"]
[Black "Biehler, Thomas"]
[Result "1/2-1/2"]
[WhiteElo "2240"]
[BlackElo "2335"]
[PlyCount "76"]
[EventDate "1998.??.??"]
[EventType "team"]
[EventRounds "9"]
[EventCountry "GER"]
[SourceTitle "EXT 2001"]
[Source "ChessBase"]
[SourceDate "2000.11.22"]
[SourceVersion "1"]
[SourceVersionDate "2000.11.22"]
[SourceQuality "1"]

1. d4 Nf6 2. c4 e6 3. Nc3 Bb4 4. g3 0-0 5. Bg2 d5 6. Nf3 dxc4 7. 0-0 Nbd7 8. Qa4 a5 9. Rd1 c6 10. Qc2 Qe8 11. Nd2 Nb6 12. Nce4 Nxe4 13. Bxe4 f5 14. Bf3 Bxd2 15. Bxd2 e5 16. dxe5 Qxe5 17. Be3 Ra6 18. Bf4 Qf6 19. Rd6 Be6 20. e4 Nc8 21. e5 Qf7 22. Rd4 Bd5 23. Bxd5 cxd5 24. Rad1 Ne7 25. Bg5 Nc6 26. Rxd5 Nb4 27. Qxc4 h6 28. Be7 Qxe7 29. Rd7+ Qe6 30. Qc7 Qg6 31. R7d6 Qg4 32. h3 Qf3 33. Rd8 Rxd8 34. Rxd8+ Kh7 35. Qf7 Qe4 36. Qg8+ Kg6 37. Qe8+ Kh7 38. Qg8+ Kg6 1/2-1/2

[Event "RLP-chT 9899"]
[Site "Germany"]
[Date "1998.11.22"]
[Round "3.2"]
[White "Niklasch, Oliver"]
[Black "Biehler, Thomas"]
[Result "1-0"]
[WhiteElo "2345"]
[BlackElo "2335"]
[PlyCount "51"]
[EventDate "1998.??.??"]
[EventType "team"]
[EventRounds "9"]
[EventCountry "GER"]
[SourceTitle "EXT 2001"]
[Source "ChessBase"]
[SourceDate "2000.11.22"]
[SourceVersion "1"]
[SourceVersionDate "2000.11.22"]
[SourceQuality "1"]

1. d4 Nf6 2. c4 e6 3. Nc3 Bb4 4. e3 c5 5. Bd3 Nc6 6. Nge2 d5 7. cxd5 Nxd5 8. 0-0 cxd4 9. exd4 Be7 10. a3 Bf6 11. Bc2 Nxc3 12. bxc3 0-0 13. Qd3 g6 14. Bh6 Re8 15. Ng3 e5 16. d5 Ne7 17. Qf3 Bg7 18. Bxg7 Kxg7 19. Rad1 Ng8 20. c4 Nf6 21. Qc3 Bg4 22. f3 Bd7 23. f4 Qc7 24. Rd2 exf4 25. Rdf2 g5 26. Nh5+ 1-0

[Event "Oberliga Sued W 9798"]
[Site "Germany"]
[Date "1998.??.??"]
[Round "?"]
[White "Biehler, Thomas"]
[Black "Spiegel, Stefan"]
[Result "1-0"]
[WhiteElo "2335"]
[BlackElo "2275"]
[PlyCount "95"]
[EventDate "1997.10.??"]
[EventType "team"]
[EventRounds "9"]
[EventCountry "GER"]
[SourceTitle "EXT 2000"]
[Source "ChessBase"]
[SourceDate "1999.11.16"]
[SourceVersion "1"]
[SourceVersionDate "1999.11.16"]
[SourceQuality "1"]

1. c4 Nf6 2. g3 e6 3. Bg2 d5 4. Nf3 Be7 5. 0-0 0-0 6. b3 b6 7. Bb2 Nbd7 8. cxd5 exd5 9. d4 Bb7 10. Nc3 Re8 11. Qc2 Rc8 12. Rfd1 c6 13. e3 Bd6 14. a3 Rc7 15. b4 Nf8 16. Qb3 Ng6 17. b5 c5 18. dxc5 bxc5 19. b6 axb6 20. Qxb6 Qd7 21. Ng5 h6 22. Nf3 Bc6 23. Qb3 Rb7 24. Qc2 Reb8 25. Bc1 Qe6 26. a4 Rb3 27. Nb5 Bxb5 28. Qxb3 Be2 29. Qc2 Bxd1 30. Qxd1 Ne4 31. Ba3 Be7 32. Rc1 Rc8 33. Nd2 Nf6 34. Nb3 c4 35. Nd4 Qd7 36. Bxe7 Qxe7 37. Nb5 Qc5 38. Nc3 Rd8 39. Rb1 Qa5 40. Qd4 Ne7 41. Rb5 Qa8 42. Qc5 Kf8 43. Qb4 Qc8 44. Bxd5 Nfxd5 45. Nxd5 Qd7 46. e4 Ke8 47. Nxe7 Qxe7 48. Qxc4 1-0

[Event "Oberliga Sued W 9697"]
[Site "Germany"]
[Date "1997.??.??"]
[Round "?"]
[White "Becker, Thomas"]
[Black "Biehler, Thomas"]
[Result "1/2-1/2"]
[WhiteElo "2220"]
[BlackElo "2325"]
[PlyCount "82"]
[EventDate "1996.10.??"]
[EventType "team"]
[EventRounds "9"]
[EventCountry "GER"]
[SourceTitle "EXT 2000"]
[Source "ChessBase"]
[SourceDate "1999.11.16"]
[SourceVersion "1"]
[SourceVersionDate "1999.11.16"]
[SourceQuality "1"]

1. e4 Nf6 2. e5 Nd5 3. Bc4 Nb6 4. Bb3 c5 5. d3 d5 6. exd6 exd6 7. Nf3 Be7 8. 0-0 Nc6 9. c3 0-0 10. h3 Bf5 11. d4 Rc8 12. Bf4 Be4 13. Nbd2 Bd5 14. Re1 cxd4 15. Nxd4 Nxd4 16. cxd4 Bf6 17. Ne4 Bxe4 18. Rxe4 d5 19. Re2 Nc4 20. Qd3 g6 21. Rae1 Qa5 22. Kh2 Nxb2 23. Qf3 Nc4 24. Bxc4 dxc4 25. Bd6 Bxd4 26. Bxf8 Rxf8 27. Qxb7 Bxf2 28. Rf1 Bc5 29. Re8 Bd6+ 30. Kh1 f5 31. Qc8 Qxa2 32. Qe6+ Kg7 33. Rxf8 Bxf8 34. Rd1 Qf2 35. Qxc4 Bc5 36. Qc1 Be3 37. Qa3 Bc5 38. Qd3 Kh6 39. Rf1 Qe3 40. Qd8 Be7 41. Qd1 Bh4 1/2-1/2

[Event "Oberliga Sued W 9697"]
[Site "Germany"]
[Date "1996.??.??"]
[Round "?"]
[White "Bastian, Herbert"]
[Black "Biehler, Thomas"]
[Result "1-0"]
[WhiteElo "2355"]
[BlackElo "2325"]
[PlyCount "51"]
[EventDate "1996.10.??"]
[EventType "team"]
[EventRounds "9"]
[EventCountry "GER"]
[SourceTitle "EXT 2000"]
[Source "ChessBase"]
[SourceDate "1999.11.16"]
[SourceVersion "1"]
[SourceVersionDate "1999.11.16"]
[SourceQuality "1"]

1. c4 Nf6 2. Nc3 e6 3. Nf3 Bb4 4. g3 0-0 5. Bg2 d5 6. Qb3 a5 7. 0-0 Na6 8. d4 c6 9. c5 b6 10. cxb6 c5 11. dxc5 Nxc5 12. Qc2 Ncd7 13. a3 Bxc3 14. Qxc3 Ba6 15. Be3 Ne4 16. Qd4 Bxe2 17. Rfc1 Rb8 18. Ne5 Nxe5 19. Qxe5 Qf6 20. Qd4 Nd6 21. Qd2 Bf3 22. Bxf3 Qxf3 23. Qxa5 Ne4 24. Rc2 Rbd8 25. b7 d4 26. Qxd8 1-0

[Event "Oberliga Sued W 9596"]
[Site "Germany"]
[Date "1996.??.??"]
[Round "?"]
[White "Lambert, Andreas"]
[Black "Biehler, Thomas"]
[Result "0-1"]
[WhiteElo "2315"]
[BlackElo "2315"]
[PlyCount "104"]
[EventDate "1995.10.??"]
[EventType "team"]
[EventRounds "9"]
[EventCountry "GER"]
[SourceTitle "EXT 2000"]
[Source "ChessBase"]
[SourceDate "1999.11.16"]
[SourceVersion "1"]
[SourceVersionDate "1999.11.16"]
[SourceQuality "1"]

1. d4 Nf6 2. c4 e6 3. Nc3 Bb4 4. Qc2 c5 5. dxc5 0-0 6. Bg5 Na6 7. a3 Bxc3+ 8. Qxc3 Nxc5 9. f3 b6 10. Nh3 h6 11. Bh4 Nfe4 12. Bxd8 Nxc3 13. Be7 Nb3 14. Bxf8 Kxf8 15. Rd1 Nxd1 16. Kxd1 Ba6 17. e4 Na5 18. b4 Nxc4 19. Bxc4 Bxc4 20. Kd2 Rc8 21. Rc1 d6 22. Ke3 Ke7 23. f4 Kd7 24. Nf2 h5 25. Nd1 e5 26. g3 f6 27. Nb2 Bb3 28. Rxc8 Kxc8 29. Kd2 Kd7 30. Kc3 Bg8 31. fxe5 dxe5 32. Kd3 Kc6 33. Nd1 a5 34. Nc3 axb4 35. axb4 Be6 36. Ke3 Bc4 37. Kf3 Be6 38. Ke3 g6 39. Kf3 f5 40. exf5 gxf5 41. h4 Bc4 42. Ke3 Be6 43. Kf3 Bf7 44. Ke3 Kd6 45. Kf3 Be8 46. Ke3 Bc6 47. Kf2 f4 48. gxf4 exf4 49. b5 Bd5 50. Na4 Bb3 51. Nb2 Ke5 52. Kf3 Kd4 0-1

[Event "Oberliga Sued W 9394"]
[Site "Germany"]
[Date "1994.??.??"]
[Round "?"]
[White "Biehler, Thomas"]
[Black "Schulz, Klaus Juergen"]
[Result "1-0"]
[WhiteElo "2315"]
[BlackElo "2415"]
[PlyCount "97"]
[EventDate "1993.10.??"]
[EventType "team"]
[EventRounds "11"]
[EventCountry "GER"]
[SourceTitle "EXT 2000"]
[Source "ChessBase"]
[SourceDate "1999.11.16"]
[SourceVersion "1"]
[SourceVersionDate "1999.11.16"]
[SourceQuality "1"]

1. Nf3 Nf6 2. d4 d5 3. c4 dxc4 4. e3 e6 5. Bxc4 c5 6. 0-0 a6 7. a4 Nc6 8. Nc3 Qc7 9. d5 exd5 10. Nxd5 Nxd5 11. Qxd5 Bd6 12. Bd2 0-0 13. Bc3 h6 14. Qh5 Re8 15. Rad1 Be6 16. Bd5 Rad8 17. e4 Qc8 18. Nh4 Ne7 19. Bxe6 Qxe6 20. Rfe1 b5 21. axb5 axb5 22. Nf5 Nxf5 23. exf5 Qc4 24. Rxe8+ Rxe8 25. g3 Bf8 26. f6 g6 27. Qd5 Qxd5 28. Rxd5 b4 29. Be5 g5 30. f4 gxf4 31. gxf4 Kh7 32. f5 c4 33. Kf2 h5 34. Rb5 h4 35. h3 Kh6 36. Bf4+ Kh5 37. Rb7 Bh6 38. Kf3 Bxf4 39. Kxf4 c3 40. Rxf7 Kh6 41. bxc3 bxc3 42. Rc7 Rf8 43. Ke5 Kg5 44. Rg7+ Kh6 45. Rc7 Kg5 46. f7 c2 47. Ke6 Ra8 48. Rxc2 Ra6+ 49. Kd7 1-0

[Event "BL2-Sued-West 8990"]
[Site "Germany"]
[Date "1990.??.??"]
[Round "?.1"]
[White "Kabisch, Thilo"]
[Black "Biehler, Thomas"]
[Result "0-1"]
[WhiteElo "2290"]
[BlackElo "2235"]
[PlyCount "94"]
[EventDate "1989.10.??"]
[EventType "team-tourn"]
[EventRounds "9"]
[EventCountry "GER"]
[SourceTitle "GER-chT2"]
[Source "ChessBase"]
[SourceDate "1999.07.01"]
[SourceVersion "1"]
[SourceVersionDate "1999.07.01"]
[SourceQuality "1"]
[WhiteTeam "Eppingen"]
[BlackTeam "Miesenbach"]
[WhiteTeamCountry "GER"]
[BlackTeamCountry "GER"]

1. e4 Nf6 2. e5 Nd5 3. d4 d6 4. c4 Nb6 5. Nf3 Bg4 6. Be2 e6 7. exd6 cxd6 8. 0-0 Be7 9. b3 Nc6 10. Bb2 0-0 11. Nbd2 d5 12. c5 Nd7 13. Re1 b6 14. Bb5 Qc7 15. Rc1 Rab8 16. a4 Bf6 17. h3 Bxf3 18. Nxf3 bxc5 19. Ba3 Qb7 20. Bxc5 Nxc5 21. Rxc5 Rfc8 22. Qd3 Nb4 23. Qd2 Na6 24. Rc3 Rxc3 25. Qxc3 Nc7 26. Be2 Ne8 27. Rc1 Nd6 28. Qc6 Rc8 29. Qc5 Rxc5 30. dxc5 Ne8 31. c6 Qb6 32. b4 Nc7 33. b5 Kf8 34. g4 g5 35. h4 h6 36. hxg5 hxg5 37. Kg2 e5 38. Nd2 Qd4 39. Nf1 Qxa4 40. Ne3 d4 41. Nf5 e4 42. Rb1 Nd5 43. Rc1 Qa3 44. Rd1 Nf4+ 45. Kf1 Qh3+ 46. Ke1 Ng2+ 47. Kd2 Qc3# 0-1

[Event "BL2-SW 8889 Relegation"]
[Site "Germany"]
[Date "1989.??.??"]
[Round "?.1"]
[White "Biehler, Thomas"]
[Black "Arnold, Lothar"]
[Result "1/2-1/2"]
[WhiteElo "2225"]
[BlackElo "2275"]
[PlyCount "30"]
[EventDate "1988.10.??"]
[EventType "team"]
[EventRounds "5"]
[EventCountry "GER"]
[SourceTitle "GER-chT2"]
[Source "ChessBase"]
[SourceDate "1999.07.01"]
[SourceVersion "1"]
[SourceVersionDate "1999.07.01"]
[SourceQuality "1"]
[WhiteTeam "Miesenbach"]
[BlackTeam "Karlsruhe"]
[WhiteTeamCountry "GER"]
[BlackTeamCountry "GER"]

1. c4 e5 2. Nc3 Nf6 3. Nf3 Nc6 4. g3 g6 5. d4 exd4 6. Nxd4 Bg7 7. Nxc6 bxc6 8. Bg2 0-0 9. 0-0 Re8 10. Qa4 Bb7 11. Rd1 Qc8 12. Bg5 h6 13. Bxf6 Bxf6 14. Ne4 Be7 15. Rac1 d6 1/2-1/2